[Event "Frankfurt Ch 2012"]
[Site "Ffm-Kalbach, LAZ"]
[Date "2012.06.18"]
[Round "7.27"]
[White "Röschlau, Bernd"]
[Black "Thomele, Michael"]
[Result "1/2-1/2"]
[WhiteElo "2129"]
[BlackElo "1868"]
[PlyCount "57"]
[EventDate "2012.??.??"]
[WhiteTeam "SC Brett vor'm Kopp Ffm"]
[BlackTeam "SC 1959 Obernau"]

1. e4 c5 2. Nf3 d6 3. d4 cxd4 4. Nxd4 e5 5. Bb5+ Bd7 6. Bxd7+ Qxd7 7. Nf5 Nf6
8. Nc3 Nc6 9. Bg5 Nxe4 10. Nxg7+ Bxg7 11. Nxe4 d5 12. Nc3 f6 13. Qh5+ Qf7 14.
Qxf7+ Kxf7 15. Bh4 Rhd8 16. O-O-O Rac8 17. Rxd5 Rxd5 18. Nxd5 Nd4 19. c3 Ke6
20. Ne3 Bh6 21. Kb1 Bxe3 22. fxe3 Nf5 23. Bf2 Nd6 24. Rd1 Rg8 25. g3 Ne4 26.
Bg1 h5 27. Kc2 Rc8 28. Rd3 Rg8 29. Rd1 1/2-1/2

[Event "Frankfurt Ch 2012"]
[Site "Ffm-Kalbach, LAZ"]
[Date "2012.06.18"]
[Round "7.28"]
[White "Krüger, Till"]
[Black "Krzesinski, Paul"]
[Result "1/2-1/2"]
[WhiteElo "1857"]
[BlackElo "1997"]
[PlyCount "71"]
[EventDate "2012.??.??"]
[WhiteTeam "SC Nidderau"]
[BlackTeam "Sabt Frankfurter TV 1860"]

1. e4 e5 2. Bc4 Nc6 3. Nf3 Nf6 4. d3 Be7 5. O-O O-O 6. Re1 d6 7. a4 Bg4 8. c3
d5 9. exd5 Nxd5 10. h3 Bh5 11. g4 Bg6 12. Nxe5 Nxe5 13. Rxe5 Nb6 14. Bb3 Bd6
15. Bg5 Qd7 16. Re3 Rae8 17. a5 Nc8 18. Qf3 Rxe3 19. Qxe3 Re8 20. Qd2 Bxd3 21.
Be3 Be4 22. Ba4 c6 23. Qd4 Qc7 24. Nd2 Bd5 25. Bc2 Qe7 26. c4 Be6 27. Ne4 Bb8
28. Ng5 h6 29. Qe4 g6 30. Nxe6 Qf6 31. Bd4 Qh4 32. Qf3 Rxe6 33. c5 Be5 34. Bxe5
Rxe5 35. Bb3 Qe7 36. Rd1 1/2-1/2

[Event "Frankfurt Ch 2012"]
[Site "Ffm-Kalbach, LAZ"]
[Date "2012.06.18"]
[Round "7.30"]
[White "Achelrod, Alexander"]
[Black "Czech, Ludwig"]
[Result "0-1"]
[WhiteElo "1846"]
[BlackElo "1961"]
[PlyCount "128"]
[EventDate "2012.??.??"]
[WhiteTeam "Sfr. Heusenstamm"]
[BlackTeam "VSG 1880 Offenbach"]

1. d4 f5 2. Bf4 Nf6 3. e3 g6 4. Bc4 Bg7 5. Nd2 e6 6. Ngf3 O-O 7. O-O b6 8. Qe2
Bb7 9. c3 h6 10. Be5 Kh7 11. Rfd1 d6 12. Bg3 Qe8 13. a4 a6 14. b4 Nbd7 15. b5
a5 16. Rac1 Nh5 17. Bb3 e5 18. Bc2 Kh8 19. h3 Nxg3 20. fxg3 g5 21. Re1 Qe7 22.
e4 f4 23. gxf4 gxf4 24. Qf2 Bf6 25. Re2 Rg8 26. Kh1 Rg6 27. Nh2 Rag8 28. Qf3
Qg7 29. Ng4 h5 30. Nxf6 Nxf6 31. dxe5 dxe5 32. Nf1 Bc8 33. Bb3 Rf8 34. Rd1 Rh6
35. Kg1 Bg4 36. hxg4 hxg4 37. Qd3 g3 38. Be6 Ng4 39. Qd7 Nf2 40. Qxg7+ Kxg7 41.
Rd7+ Kf6 42. Bh3 Nxh3+ 43. gxh3 Rxh3 44. Kg2 Ke6 45. Red2 f3+ 46. Kxh3 g2 47.
Rxg2 fxg2 48. Kxg2 Kxd7 49. Ne3 Rf4 50. Nd5 Rg4+ 51. Kf3 Rg1 52. Nf6+ Ke7 53.
Nd5+ Kd6 54. Ke3 Ra1 55. Nf6 Rxa4 56. Ne8+ Kd7 57. Nf6+ Ke7 58. Nd5+ Kd6 59.
Kd3 Ra1 60. Kc4 Rh1 61. Ne3 Re1 62. Kd3 Ra1 63. Nc4+ Ke6 64. Ne3 Rh1 0-1

[Event "Frankfurt Ch 2012"]
[Site "Ffm-Kalbach, LAZ"]
[Date "2012.06.18"]
[Round "7.31"]
[White "Hierling, Stefan"]
[Black "Schneider, Marco"]
[Result "0-1"]
[WhiteElo "1954"]
[BlackElo "1750"]
[PlyCount "70"]
[EventDate "2012.??.??"]
[WhiteTeam "VSG 1880 Offenbach"]
[BlackTeam "SC Nidderau"]

1. e4 g6 2. d4 Bg7 3. Nf3 d6 4. h3 Nd7 5. Bd3 e5 6. c3 Ne7 7. O-O O-O 8. Be3
exd4 9. Bxd4 Ne5 10. Nxe5 dxe5 11. Be3 Be6 12. Qc2 Qc8 13. Bc5 Re8 14. Nd2 b6
15. Be3 c5 16. b3 Qd7 17. Rad1 Rad8 18. Nf3 Qc8 19. Qe2 h6 20. Bc1 g5 21. Nh2
Ng6 22. Ba6 Qc7 23. Bb5 Rxd1 24. Rxd1 Rd8 25. Rd2 Nf4 26. Qd1 Rxd2 27. Qxd2 c4
28. Qc2 Qc5 29. bxc4 Bxc4 30. Bxc4 Qxc4 31. Bd2 Qe2 32. Ng4 Nd3 33. Qa4 Qxd2
34. Qe8+ Kh7 35. Qxf7 Qc1+ 0-1

[Event "Frankfurt Ch 2012"]
[Site "Ffm-Kalbach, LAZ"]
[Date "2012.06.18"]
[Round "7.32"]
[White "Gutacker, Stephan"]
[Black "Kuhn, Gerhard"]
[Result "0-1"]
[WhiteElo "1806"]
[BlackElo "1949"]
[PlyCount "102"]
[EventDate "2012.??.??"]
[WhiteTeam "Sfr.1932 Kelkheim"]
[BlackTeam "SK Marburg 1931/72"]

1. e4 c6 2. d4 d5 3. Nc3 dxe4 4. Nxe4 Bf5 5. Ng3 Bg6 6. Nh3 e6 7. Nf4 Bd6 8.
Nxg6 hxg6 9. Ne4 Be7 10. Bf4 Nf6 11. Nxf6+ Bxf6 12. c3 Nd7 13. Qb3 Qb6 14. Qxb6
Nxb6 15. O-O-O Nd5 16. Bg3 O-O-O 17. Be2 Ne7 18. Bd3 Nf5 19. Bxf5 gxf5 20. f4
Bh4 21. Bxh4 Rxh4 22. g3 Rh3 23. Rdg1 Rdh8 24. Rg2 g6 25. Kd2 Kd7 26. a4 Kd6
27. b4 b6 28. c4 f6 29. Ke3 g5 30. Kf3 R8h4 31. c5+ Kd5 32. Kf2 Rg4 33. cxb6
axb6 34. a5 bxa5 35. bxa5 gxf4 36. Ra1 Rxh2 37. a6 fxg3+ 38. Kf3 Rxg2 39. Kxg2
Rg8 40. a7 Ra8 41. Ra4 f4 42. Kf3 e5 43. dxe5 fxe5 44. Ra5+ c5 45. Ra1 c4 46.
Rd1+ Ke6 47. Ra1 Kf5 48. Ra5 c3 49. Ke2 c2 50. Kd2 g2 51. Ra1 Rxa7 0-1

[Event "Frankfurt Ch 2012"]
[Site "Ffm-Kalbach, LAZ"]
[Date "2012.06.18"]
[Round "7.33"]
[White "Larem, Peter"]
[Black "Faqiry, Ramat"]
[Result "0-1"]
[WhiteElo "1726"]
[BlackElo "1908"]
[PlyCount "94"]
[EventDate "2012.??.??"]
[WhiteTeam "SSg Rödermark/Eppertshausen"]
[BlackTeam "SK Bad Homburg 1927"]

1. e4 e5 2. d4 exd4 3. c3 dxc3 4. Bc4 Qf6 5. Nxc3 c6 6. Nf3 d6 7. Bg5 Qg6 8.
O-O Be7 9. Bf4 Nh6 10. e5 d5 11. Bb3 O-O 12. Nd4 Bh3 13. Bg3 Bg4 14. f3 Bd7 15.
Nce2 Bc5 16. Bf2 Qg5 17. f4 Qe7 18. Rc1 Na6 19. Qd3 g6 20. Qg3 Kh8 21. Qc3 Bb4
22. Qe3 Ng4 23. Qg3 Nxf2 24. Rxf2 Rae8 25. Bc2 c5 26. Nf3 f5 27. Ng5 c4 28. Qh3
Bc5 29. Qc3 Bxf2+ 30. Kxf2 Qg7 31. Qd4 h6 32. Nf3 Be6 33. Nc3 Qc7 34. Nb5 Qc5
35. Nd6 Re7 36. Bd1 Qxd4+ 37. Nxd4 Nc5 38. Ke3 Nd3 39. Rc2 g5 40. fxg5 f4+ 41.
Kd2 hxg5 42. Bh5 Nxe5 43. Rc3 Rd8 44. Nxe6 Rxe6 45. Nxb7 Rb8 46. Nc5 Rxb2+ 47.
Kc1 Reb6 0-1

[Event "Frankfurt Ch 2012"]
[Site "Ffm-Kalbach, LAZ"]
[Date "2012.06.18"]
[Round "7.34"]
[White "Göbel, Andreas"]
[Black "Storch, Dominik"]
[Result "0-1"]
[WhiteElo "1895"]
[BlackElo "1730"]
[PlyCount "78"]
[EventDate "2012.??.??"]
[WhiteTeam "SC Brett vor'm Kopp Ffm"]
[BlackTeam "Sabt Frankfurter TV 1860"]

1. b3 d5 2. Bb2 Bg4 3. g3 Nc6 4. d4 Nf6 5. Bg2 Qd7 6. Nd2 O-O-O 7. h3 Bf5 8. a3
e6 9. Ngf3 Bd6 10. c4 Ne4 11. c5 Be7 12. b4 Bf6 13. b5 Nb8 14. a4 Nxc5 15. g4
Be4 16. g5 Be7 17. dxc5 Bxc5 18. Nxe4 dxe4 19. Qxd7+ Rxd7 20. O-O exf3 21. Bxf3
Bd4 22. Bxd4 Rxd4 23. e3 Rd2 24. Rac1 Rhd8 25. Rc4 R8d7 26. Rfc1 b6 27. Ra1 Rb2
28. h4 a6 29. bxa6 Nxa6 30. a5 b5 31. Rc6 Rd6 32. Rxd6 cxd6 33. Rc1+ Nc5 34. a6
Kb8 35. Rd1 d5 36. Bxd5 exd5 37. Rxd5 Rc2 38. Rf5 b4 39. Rxf7 b3 0-1

[Event "Frankfurt Ch 2012"]
[Site "Ffm-Kalbach, LAZ"]
[Date "2012.06.18"]
[Round "7.35"]
[White "Geringer, Waldemar"]
[Black "Balzereit, Georg"]
[Result "1-0"]
[WhiteElo "1885"]
[BlackElo "1607"]
[PlyCount "68"]
[EventDate "2012.??.??"]
[WhiteTeam "SSg Rödermark/Eppertshausen"]
[BlackTeam "vereinslos"]

1. d4 Nf6 2. c4 g6 3. Nc3 d5 4. cxd5 Nxd5 5. e4 Nxc3 6. bxc3 Bg7 7. Nf3 c5 8.
Rb1 O-O 9. Be2 Nc6 10. d5 Bxc3+ 11. Bd2 Bxd2+ 12. Qxd2 Na5 13. Qh6 f6 14. h4
Rf7 15. Nh2 Qf8 16. Qd2 b6 17. Ng4 Kh8 18. Nh6 Rg7 19. f4 e6 20. d6 Nc6 21. e5
f5 22. Bf3 Bb7 23. h5 Rb8 24. Kf2 Nd4 25. Bxb7 Rbxb7 26. Qc3 g5 27. Qg3 g4 28.
Qh4 b5 29. Rhd1 a5 30. Rbc1 Rgd7 31. Qg5 g3+ 32. Kf1 Rg7 33. Qf6 Qxf6 34. exf6
Rgd7 1-0

[Event "Frankfurt Ch 2012"]
[Site "Ffm-Kalbach, LAZ"]
[Date "2012.06.18"]
[Round "7.37"]
[White "Mehl, Ulrich"]
[Black "Rutsatz, Mario"]
[Result "0-1"]
[WhiteElo "1553"]
[BlackElo "1939"]
[PlyCount "81"]
[EventDate "2012.??.??"]
[WhiteTeam "SAbt TSG Nieder-Erlenbach 1888"]
[BlackTeam "Sfr. Frankfurt 1921"]

1. d4 Nf6 2. c4 e6 3. Nf3 Bb4+ 4. Nc3 O-O 5. e3 Ne4 6. Qc2 f5 7. Bd3 d5 8. O-O
Bxc3 9. bxc3 b6 10. cxd5 exd5 11. c4 Na6 12. Ba3 c5 13. cxd5 Bb7 14. dxc5 Naxc5
15. Rad1 Rc8 16. Bc4 b5 17. Bb3 Qa5 18. Bb2 Nxb3 19. Qxb3 Rc4 20. Qa3 Qxa3 21.
Bxa3 Rd8 22. Be7 Rxd5 23. Rxd5 Bxd5 24. Nd4 Kf7 25. Bh4 g5 26. f3 Nd2 27. Rd1
Nxf3+ 28. Nxf3 Bxf3 29. gxf3 gxh4 30. Rd7+ Kg6 31. Rxa7 Rc2 32. Ra3 h3 33. Rb3
Rg2+ 34. Kh1 Rxa2 35. Kg1 Rg2+ 36. Kf1 Rxh2 37. Rxb5 Rg2 38. Rb4 Kg5 39. Rb5
Kh4 40. Rb1 Kg3 41. e4 0-1

[Event "Frankfurt Ch 2012"]
[Site "Ffm-Kalbach, LAZ"]
[Date "2012.06.18"]
[Round "7.38"]
[White "Sallwey, Rainer"]
[Black "Kulenovic, Adnan"]
[Result "0-1"]
[WhiteElo "1561"]
[BlackElo "1949"]
[PlyCount "44"]
[EventDate "2012.??.??"]
[WhiteTeam "SK Langen"]
[BlackTeam "SK Springer Rodenbach"]

1. d4 Nc6 2. Nf3 h6 3. c4 g5 4. h3 Bg7 5. e3 d6 6. Nc3 e5 7. dxe5 Nxe5 8. Nxe5
Bxe5 9. Qc2 Nf6 10. Be2 Bd7 11. Bf3 c6 12. b3 Qe7 13. Bb2 O-O-O 14. Rd1 Be6 15.
Ne4 Bxb2 16. Qxb2 Nxe4 17. Bxe4 f5 18. Bf3 h5 19. g3 f4 20. gxf4 gxf4 21. e4 d5
22. cxd5 Bxd5 0-1

[Event "Frankfurt Ch 2012"]
[Site "Ffm-Kalbach, LAZ"]
[Date "2012.06.18"]
[Round "7.39"]
[White "Koch, Thomas"]
[Black "Zimmer, Gerald"]
[Result "1/2-1/2"]
[WhiteElo "1669"]
[BlackElo "1888"]
[PlyCount "70"]
[EventDate "2012.??.??"]
[WhiteTeam "SV 1934 Ffm-Griesheim"]
[BlackTeam "SC Bergen-Enkheim 1922"]

1. e4 e6 2. d4 d5 3. Nc3 Bb4 4. e5 c5 5. a3 Bxc3+ 6. bxc3 Qa5 7. Bd2 Qa4 8. h4
Nc6 9. Rb1 a6 10. Qg4 Qxc2 11. Qxg7 Qxb1+ 12. Ke2 Qe4+ 13. Kd1 cxd4 14. Qxh8
Nce7 15. Rh3 Bd7 16. Bd3 Qg4+ 17. Be2 Qf5 18. Bd3 Qxf2 19. Ne2 Ba4+ 20. Kc1
Qf1+ 21. Kb2 Qd1 22. Bc1 dxc3+ 23. Ka1 Rc8 24. Qxh7 Bb5 25. h5 Qb3 26. Rf3 Bc4
27. Qxf7+ Kd7 28. Bxc4 Rxc4 29. Nf4 Ra4 30. Qxe6+ Ke8 31. Qd6 d4 32. Ne6 Rxa3+
33. Bxa3 Qd1+ 34. Ka2 Qc2+ 35. Ka1 Qd1+ 1/2-1/2

[Event "Frankfurt Ch 2012"]
[Site "Ffm-Kalbach, LAZ"]
[Date "2012.06.18"]
[Round "7.40"]
[White "Zerhusen, Martin"]
[Black "Neumann, Manfred"]
[Result "1/2-1/2"]
[WhiteElo "1610"]
[BlackElo "1798"]
[PlyCount "100"]
[EventDate "2012.??.??"]
[WhiteTeam "SV Oberursel"]
[BlackTeam "SC 1961 König Nied"]

1. d4 d5 2. c4 e6 3. Nc3 Nf6 4. Bg5 Be7 5. e3 h6 6. Bh4 O-O 7. Nf3 b6 8. cxd5
exd5 9. Be2 Be6 10. O-O Nbd7 11. a3 Ne4 12. Bxe7 Qxe7 13. Rc1 Nxc3 14. Rxc3 c5
15. dxc5 bxc5 16. Qc2 a5 17. Bb5 c4 18. Bxd7 Qxd7 19. Rd1 Qb7 20. Nd4 a4 21.
Qe2 Rab8 22. Rd2 Rfc8 23. Qh5 Qe7 24. Qe5 Qc7 25. Qxc7 Rxc7 26. h3 Rcb7 27.
Rcc2 Rb6 28. Kf1 Kf8 29. Ke2 Ke7 30. Kf3 g6 31. g4 Bc8 32. Kg3 Kf6 33. Ne2 Bb7
34. Nc3 Bc6 35. Na2 Ke6 36. Nb4 Ba8 37. Rd4 Rxb4 38. axb4 Rxb4 39. Kf3 Rb3 40.
Ke2 Bc6 41. Kd2 Kd6 42. Kc1 Kc5 43. Rc3 Rb8 44. Rd2 Re8 45. Rd4 Rf8 46. Kd2 f5
47. gxf5 Rxf5 48. Ke2 Rf8 49. h4 Rb8 50. Rc2 Be8 {Rest unklar!} 1/2-1/2

[Event "Frankfurt Ch 2012"]
[Site "Ffm-Kalbach, LAZ"]
[Date "2012.06.18"]
[Round "7.41"]
[White "Genis, Roy"]
[Black "Liebske, Reiner"]
[Result "0-1"]
[WhiteElo "1730"]
[BlackElo "1672"]
[PlyCount "100"]
[EventDate "2012.??.??"]
[WhiteTeam "Sfr. Frankfurt 1921"]
[BlackTeam "SV Frankfurt Nord 1926"]

1. e4 c5 2. c3 d5 3. exd5 Qxd5 4. d4 cxd4 5. cxd4 Nc6 6. Nf3 e5 7. dxe5 Qxd1+
8. Kxd1 Bg4 9. Nbd2 O-O-O 10. Kc2 Nb4+ 11. Kc3 Kb8 12. a3 Rc8+ 13. Bc4 b5 14.
axb4 Bxf3 15. gxf3 bxc4 16. Nxc4 Ne7 17. b5 Nd5+ 18. Kb3 Rc5 19. Nd6 Bxd6 20.
exd6 Rd8 21. Rd1 Kb7 22. Be3 Nxe3 23. fxe3 Rxb5+ 24. Kc2 a5 25. Ra3 Kc6 26.
Rc3+ Rc5 27. Rxc5+ Kxc5 28. d7 f5 29. e4 fxe4 30. fxe4 Kc6 31. Kb3 Rxd7 32.
Rxd7 Kxd7 33. Ka4 g5 34. Kxa5 h5 35. b4 Kc8 36. Kb5 g4 37. Kc4 h4 38. Kd3 g3
39. hxg3 h3 40. Ke3 h2 41. Kf4 h1=Q 42. g4 Qf1+ 43. Ke5 Kd7 44. g5 Ke7 45. Kd4
Ke6 46. Kc5 Qc1+ 47. Kb6 Qxg5 48. b5 Kd7 49. Ka6 Qc5 50. b6 Kc6 0-1

[Event "Frankfurt Ch 2012"]
[Site "Ffm-Kalbach, LAZ"]
[Date "2012.06.18"]
[Round "7.42"]
[White "Weber, Axel"]
[Black "Weber, Andreas"]
[Result "0-1"]
[WhiteElo "1490"]
[BlackElo "1723"]
[PlyCount "32"]
[EventDate "2012.??.??"]
[WhiteTeam "Sfr. Frankfurt 1921"]
[BlackTeam "SC Flörsheim 1921"]

1. d4 Nf6 2. c4 g6 3. Nc3 d5 4. Bg5 Ne4 5. Nxe4 dxe4 6. e3 Bg7 7. Be2 c5 8. Qc2
cxd4 9. Qxe4 Qa5+ 10. Kd1 Qxg5 11. exd4 Qf5 12. Qe3 O-O 13. Nf3 Nc6 14. Bd3 Qf6
15. Re1 Nxd4 16. Qxd4 Qxf3+ 0-1

[Event "Frankfurt Ch 2012"]
[Site "Ffm-Kalbach, LAZ"]
[Date "2012.06.18"]
[Round "7.43"]
[White "Budde, Michael"]
[Black "Imelmann, Esther"]
[Result "1/2-1/2"]
[WhiteElo "1720"]
[BlackElo "1599"]
[PlyCount "96"]
[EventDate "2012.??.??"]
[WhiteTeam "SC 1979 Hattersheim"]
[BlackTeam "SC 1961 König Nied"]

1. d4 d5 2. c4 e6 3. Nf3 Nf6 4. Nc3 Be7 5. Qc2 c6 6. e4 dxe4 7. Nxe4 Nbd7 8.
Bd3 Qc7 9. O-O h6 10. Bd2 O-O 11. Qc1 e5 12. Re1 Nxe4 13. Bxe4 f5 14. Bc2 e4
15. Bf4 Bd6 16. Bxd6 Qxd6 17. c5 Qf6 18. Bb3+ Kh8 19. Ne5 Nxe5 20. dxe5 Qxe5
21. Re2 Bd7 22. Rd2 Be6 23. Bxe6 Qxe6 24. Rd6 Qe7 25. Qc3 Rad8 26. Rxh6+ Kg8
27. Qb3+ Qf7 28. Qg3 Rd3 29. Qg5 Rfd8 30. g3 R8d7 31. Rh5 Rf3 32. Qh4 Qg6 33.
Rh8+ Kf7 34. Rd8 Rfd3 35. Ra8 Qg4 36. Qxg4 fxg4 37. Rxa7 Rd2 38. b4 Rb2 39. a3
Kg6 40. Re1 Rdd2 41. Rxe4 Rxf2 42. Rxg4+ Kh5 43. Rf4 Rg2+ 44. Kf1 Rgc2 45. Re4
Rf2+ 46. Ke1 Rg2 47. Kf1 Rbf2+ 48. Ke1 Rb2 1/2-1/2

[Event "Frankfurt Ch 2012"]
[Site "Ffm-Kalbach, LAZ"]
[Date "2012.06.18"]
[Round "7.44"]
[White "Crnjac, Zdravko"]
[Black "Geipert, Wilfried"]
[Result "0-1"]
[WhiteElo "1468"]
[BlackElo "1689"]
[PlyCount "88"]
[EventDate "2012.??.??"]
[WhiteTeam "SAbt TSG Nieder-Erlenbach 1888"]
[BlackTeam "SC Brett vor'm Kopp Ffm"]

1. e4 d5 2. exd5 Qxd5 3. c4 Qd8 4. Nc3 Nc6 5. g3 Nf6 6. Bg2 Nd4 7. d3 c6 8. Be3
Bf5 9. Be4 Bg4 10. Qa4 Nxe4 11. dxe4 e5 12. h3 Nf3+ 13. Nxf3 Bxf3 14. O-O h5
15. Nd5 Qd7 16. Kh2 cxd5 17. Qxd7+ Kxd7 18. exd5 b6 19. a3 Rc8 20. Rac1 Bc5 21.
b4 Bxe3 22. fxe3 e4 23. c5 f6 24. Rf2 f5 25. Rd2 g5 26. d6 h4 27. Rd5 hxg3+ 28.
Kxg3 f4+ 29. exf4 gxf4+ 30. Kxf4 Rxh3 31. Re5 Rh7 32. Ke3 bxc5 33. bxc5 Rb8 34.
Rc3 Kc6 35. Kd4 a5 36. Ke3 Rbb7 37. Re8 a4 38. Kd4 Rb3 39. Rc8+ Kb7 40. Re8
Rxc3 41. Kxc3 Kc6 42. Rc8+ Kd5 43. Rc7 Rxc7 44. dxc7 Bg4 0-1

[Event "Frankfurt Ch 2012"]
[Site "Ffm-Kalbach, LAZ"]
[Date "2012.06.18"]
[Round "7.45"]
[White "Lemonidis, Christos"]
[Black "Riha, Peter"]
[Result "1/2-1/2"]
[WhiteElo "1702"]
[BlackElo "1592"]
[PlyCount "92"]
[EventDate "2012.??.??"]
[WhiteTeam "SC 1961 König Nied"]
[BlackTeam "SC Bergen-Enkheim 1922"]

1. e4 e5 2. Nf3 Nc6 3. d3 Nf6 4. g3 Bc5 5. Bg2 d6 6. O-O O-O 7. Nbd2 Nd4 8.
Nxd4 Bxd4 9. a4 a5 10. c3 Bb6 11. Nc4 Bc5 12. Bg5 h6 13. Bd2 Be6 14. Ne3 d5 15.
Qc2 c6 16. Kh1 dxe4 17. dxe4 Nd7 18. f4 f6 19. f5 Bf7 20. Bf3 Nb6 21. Be2 Qc7
22. Rae1 Rfd8 23. Bc1 Rd7 24. b3 Rad8 25. Ng4 Kf8 26. h4 Nc8 27. Nh2 Qb6 28.
Bd1 Rd3 29. Kg2 Ke8 30. g4 Be7 31. Nf3 Qc5 32. c4 Qb6 33. Rh1 Bb4 34. Ref1 Ke7
35. Be2 R3d7 36. g5 Rg8 37. gxf6+ gxf6+ 38. Kh3 Rdd8 39. Rhg1 h5 40. Rxg8 Rxg8
41. Bd1 Qd8 42. Be3 Qf8 43. Be2 Nd6 44. Rd1 Qg7 45. Rg1 Qf8 46. Nh2 Rxg1
1/2-1/2

[Event "Frankfurt Ch 2012"]
[Site "Ffm-Kalbach, LAZ"]
[Date "2012.06.18"]
[Round "7.46"]
[White "Muthig, Holger"]
[Black "Nagel, Norbert"]
[Result "1-0"]
[WhiteElo "1599"]
[BlackElo "1779"]
[PlyCount "97"]
[EventDate "2012.??.??"]
[WhiteTeam "Sfr. Frankfurt 1921"]
[BlackTeam "SC Bad Nauheim"]

1. d4 Nf6 2. c4 g6 3. g3 Bg7 4. Bg2 d6 5. Nc3 O-O 6. Nf3 Nbd7 7. O-O c6 8. b3
Rb8 9. Bb2 a6 10. Nd2 e5 11. dxe5 dxe5 12. Qc2 Qc7 13. Rad1 b5 14. Nce4 Bb7 15.
cxb5 axb5 16. Nxf6+ Nxf6 17. Rc1 Rbc8 18. b4 Qe7 19. Qc5 Qxc5 20. Rxc5 Nd7 21.
Rcc1 f5 22. Rfd1 Nb6 23. Nb3 Nc4 24. Ba1 Rc7 25. Nc5 Bc8 26. a4 Re8 27. axb5
cxb5 28. Bd5+ Kf8 29. Bxc4 bxc4 30. Rxc4 Ke7 31. Rcc1 Rd8 32. Rxd8 Kxd8 33.
Rd1+ Ke7 34. f4 Ra7 35. fxe5 Bh6 36. Bd4 Ra2 37. e3 g5 38. Ra1 Rxa1+ 39. Bxa1
f4 40. exf4 gxf4 41. Kf2 fxg3+ 42. hxg3 Bd2 43. b5 Ba5 44. Bd4 Bh3 45. Ne4 Ke6
46. Ng5+ Kd5 47. Nxh3 Kxd4 48. e6 Bd8 49. b6 1-0

[Event "Frankfurt Ch 2012"]
[Site "Ffm-Kalbach, LAZ"]
[Date "2012.06.18"]
[Round "7.47"]
[White "Schellen, Sven"]
[Black "Günther, Rainer"]
[Result "0-1"]
[WhiteElo "1770"]
[BlackElo "1603"]
[PlyCount "42"]
[EventDate "2012.??.??"]
[WhiteTeam "Sfr. Frankfurt 1921"]
[BlackTeam "SV Mainz-Mombach"]

1. d4 Nf6 2. c4 g6 3. f3 c5 4. e4 cxd4 5. e5 Nh5 6. g4 Ng7 7. Bh6 Qa5+ 8. Qd2
Qxe5+ 9. Ne2 Nc6 10. f4 Qe4 11. Rg1 d3 12. Nbc3 Qxc4 13. b3 Qb4 14. Qxd3 Ne6
15. Bxf8 Kxf8 16. f5 Nc5 17. Qe3 Kg7 18. a3 Qa5 19. b4 Nxb4 20. Qd4+ f6 21.
Qxb4 Nd3+ 0-1

[Event "Frankfurt Ch 2012"]
[Site "Ffm-Kalbach, LAZ"]
[Date "2012.06.18"]
[Round "7.48"]
[White "Popp, Matthias"]
[Black "Bastian, Holger"]
[Result "1/2-1/2"]
[WhiteElo "1519"]
[BlackElo "1690"]
[PlyCount "110"]
[EventDate "2012.??.??"]
[WhiteTeam "SC Bergen-Enkheim 1922"]
[BlackTeam "Aschaffenburg- Schweinheim e.V."]

1. Nf3 Nf6 2. d4 g6 3. Bf4 Bg7 4. e3 d6 5. Bc4 O-O 6. c3 Nbd7 7. Nbd2 c6 8. Ng5
d5 9. Bd3 Nh5 10. Bg3 h6 11. Ngf3 b5 12. Ne5 Nxg3 13. Nxc6 Qe8 14. hxg3 a6 15.
Nf3 Nf6 16. Nce5 Ne4 17. Nd2 Bb7 18. Qc2 f6 19. Ng4 h5 20. Nxe4 dxe4 21. Bxe4
Bxe4 22. Qxe4 hxg4 23. Qxg4 f5 24. Qh4 Rc8 25. Kd2 b4 26. g4 bxc3+ 27. bxc3
fxg4 28. e4 Qc6 29. Rac1 Qxe4 30. Rhe1 Qf4+ 31. Kd3 Bh6 32. Rc2 Bg5 33. Qg3
Qf5+ 34. Re4 Rf6 35. Qxg4 Qxg4 36. Rxg4 Rf5 37. Re2 Kf7 38. f3 Ra5 39. Rge4 Rc6
40. f4 Bf6 41. g4 g5 42. f5 Rb5 43. Kc2 Rcb6 44. Rd2 a5 45. Kd3 e6 46. fxe6+
Rxe6 47. Rde2 Rxe4 48. Rxe4 Rb2 49. a4 Ra2 50. d5 Ra3 51. Rc4 Ke7 52. Kc2 Kd6
53. Rc6+ Ke5 54. Re6+ Kxd5 55. Rxf6 Rxa4 1/2-1/2

[Event "Frankfurt Ch 2012"]
[Site "Ffm-Kalbach, LAZ"]
[Date "2012.06.18"]
[Round "7.49"]
[White "Rauscher, Joachim"]
[Black "Willenbring, Jens-Dirk"]
[Result "1/2-1/2"]
[WhiteElo "1689"]
[BlackElo "1522"]
[PlyCount "90"]
[EventDate "2012.??.??"]
[WhiteTeam "SC Brett vor'm Kopp Ffm"]
[BlackTeam "Bad Vilbeler Sfr.1985"]

1. e4 e6 2. d4 d5 3. exd5 exd5 4. Bd3 Nc6 5. Nf3 Bg4 6. c3 Qd7 7. O-O O-O-O 8.
Nbd2 Nf6 9. Qc2 Bd6 10. h3 Be6 11. Ng5 Kb8 12. Ndf3 h6 13. Nxe6 fxe6 14. Re1
Be7 15. Bb5 Bd6 16. Qa4 Rhe8 17. Be3 a6 18. Bxc6 Qxc6 19. Qxc6 bxc6 20. Ne5
Bxe5 21. dxe5 Nd7 22. f4 h5 23. Red1 Nb6 24. b3 Nc8 25. a4 Ne7 26. b4 Nf5 27.
Bf2 Kb7 28. b5 Ra8 29. bxc6+ Kxc6 30. c4 Rab8 31. cxd5+ exd5 32. Rac1+ Kd7 33.
Rxd5+ Ke6 34. Rdc5 Rb4 35. Rc6+ Kd5 36. R1c5+ Ke4 37. Rc4+ Rxc4 38. Rxc4+ Kd5
39. Rxc7 Ke4 40. g4 hxg4 41. hxg4 Nh6 42. Rc4+ Kf3 43. g5 Nf5 44. Bb6 Rh8 45.
Bf2 Rd8 1/2-1/2

[Event "Frankfurt Ch 2012"]
[Site "Ffm-Kalbach, LAZ"]
[Date "2012.06.18"]
[Round "7.50"]
[White "Bergner, Matthias"]
[Black "Bittner, Peter"]
[Result "1/2-1/2"]
[WhiteElo "1514"]
[BlackElo "1682"]
[PlyCount "41"]
[EventDate "2012.??.??"]
[WhiteTeam "SF Hannover"]
[BlackTeam "SC 1961 König Nied"]

1. d4 Nf6 2. e3 d5 3. f4 e6 4. Nf3 Be7 5. Bd3 Nbd7 6. O-O c5 7. c3 c4 8. Bc2
Rb8 9. Nbd2 b5 10. Ne5 Nxe5 11. fxe5 Nd7 12. e4 O-O 13. exd5 exd5 14. a3 Qb6
15. Kh1 f6 16. Qh5 g6 17. Bxg6 hxg6 18. Qxg6+ Kh8 19. Qh6+ Kg8 20. Qg6+ Kh8 21.
Qh6+ 1/2-1/2

[Event "Frankfurt Ch 2012"]
[Site "Ffm-Kalbach, LAZ"]
[Date "2012.06.18"]
[Round "7.51"]
[White "Cipca, Adrian"]
[Black "Lanz, Jürgen"]
[Result "1-0"]
[WhiteElo "1663"]
[BlackElo "1468"]
[PlyCount "119"]
[EventDate "2012.??.??"]
[WhiteTeam "SK Bad Homburg 1927"]
[BlackTeam "SC 1979 Hattersheim"]

1. e4 e5 2. Nf3 Nf6 3. Nxe5 d6 4. Nf3 Nxe4 5. Nc3 Nxc3 6. dxc3 Nc6 7. Be3 Be7
8. Qd2 Be6 9. O-O-O h6 10. Kb1 Qd7 11. Bb5 a6 12. Ba4 b5 13. Bb3 Bxb3 14. cxb3
O-O 15. Qd5 Rfe8 16. g4 Bg5 17. Bxg5 hxg5 18. Qxg5 Re2 19. Nh4 Rae8 20. f4 Qe7
21. Qxe7 R8xe7 22. Nf3 Rg2 23. Rhg1 Rf2 24. Rgf1 Rg2 25. Rg1 Rf2 26. Rdf1 Ree2
27. Rxf2 Rxf2 28. Rg3 Rf1+ 29. Kc2 Rf2+ 30. Nd2 Rxh2 31. Kd3 d5 32. a3 a5 33.
g5 Ne7 34. Rf3 Nf5 35. b4 a4 36. b3 axb3 37. Nxb3 Ra2 38. Nd4 Nd6 39. Re3 Nc4
40. Re8+ Kh7 41. Re2 Rxe2 42. Nxe2 Nxa3 43. Kd4 c6 44. Kc5 Kg6 45. Kxc6 Kf5 46.
Kxd5 f6 47. gxf6 gxf6 48. Kd4 Nc2+ 49. Kd3 Na3 50. Kd4 Nc4 51. Kc5 Na3 52. Nd4+
Kxf4 53. Nxb5 Nxb5 54. Kxb5 Ke4 55. Kc5 f5 56. b5 f4 57. b6 f3 58. b7 f2 59.
b8=Q f1=Q 60. Qe8+ 1-0

[Event "Frankfurt Ch 2012"]
[Site "Ffm-Kalbach, LAZ"]
[Date "2012.06.18"]
[Round "7.52"]
[White "Becker, Karl-Heinz"]
[Black "Stulken, Dietmar"]
[Result "1/2-1/2"]
[WhiteElo "1652"]
[BlackElo "1418"]
[PlyCount "66"]
[EventDate "2012.??.??"]
[WhiteTeam "SSg Rödermark/Eppertshausen"]
[BlackTeam "Sfr. Frankfurt 1921"]

1. d4 d5 2. c4 c6 3. e3 Nf6 4. Nc3 e6 5. Nf3 Nbd7 6. Qc2 Bd6 7. Be2 O-O 8. b3
Bb4 9. O-O c5 10. a3 Bxc3 11. Qxc3 Ne4 12. Qc2 b6 13. cxd5 exd5 14. Bb2 Bb7 15.
Bd3 Rc8 16. Qe2 Qe7 17. Rac1 Rfe8 18. Rfd1 Red8 19. dxc5 Ndxc5 20. Bc2 Ba6 21.
Qe1 Bb7 22. b4 Ne6 23. Bb3 Nc7 24. Ne5 Qe8 25. Qe2 b5 26. Qg4 Nf6 27. Qh4 Ne6
28. Nf3 Ne4 29. Qg4 Rxc1 30. Rxc1 Rc8 31. Rxc8 Qxc8 32. Nd4 Nf6 33. Qd1 a6
1/2-1/2

[Event "Frankfurt Ch 2012"]
[Site "Ffm-Kalbach, LAZ"]
[Date "2012.06.18"]
[Round "7.54"]
[White "Mook, Karl-Jürgen"]
[Black "Arnold, Michael"]
[Result "0-1"]
[WhiteElo "1278"]
[BlackElo "1703"]
[PlyCount "46"]
[EventDate "2012.??.??"]
[WhiteTeam "Sfr. Frankfurt 1921"]
[BlackTeam "SK Langen"]

1. Nf3 d5 2. d4 Nf6 3. c4 e6 4. e3 c6 5. Bd3 Bd6 6. O-O Nbd7 7. b3 e5 8. dxe5
Nxe5 9. Be2 Nxf3+ 10. Bxf3 Be5 11. Nc3 Bxc3 12. Rb1 O-O 13. Qd3 Be5 14. Rd1 Be6
15. Bb2 Qc7 16. g3 Rad8 17. Bxe5 Qxe5 18. Qc2 Bf5 19. e4 dxe4 20. Qe2 Qc3 21.
Rbc1 Qxf3 22. Rd2 Rxd2 23. Qxd2 Bh3 0-1